000 00471nam a22001697a 4500
003 ost
005 20140310182349.0
008 130928t xxu||||| |||| 00| 0 eng d
020 _a0553483188
050 _aQL 1
_b.W746 1996
082 _aGS 591.072
_bW69 1996
245 _aCow-eating fish and other amazing animals
_cChristina Wilsdon
260 _aNew York :
_bChildren's Television Workshop,
_cc1996.
541 _j1
562 _e1
942 _2lcc
_cBK-GS
999 _c12296
_d12296